000 01347nam a2200181Ia 4500
008 151202s9999||||xx |||||||||||||| ||und||
082 _bPNVM-86313
100 _aशर्मा के. के. संपा- पठाण के. जी. मग्नाळे व्ही. एस./अनु -साळी चेतन शंकर
245 _aसंदर्भ महाराष्ट्र राज्य व जिल्हे एक दृष्टिकोन खंड 4 जि.8.
260 _b"इंटेलिक्चुअल बुक ब्युरो, भोपाळ."
260 _c2005
300 _a360
600 _aशर्मा के. के. संपा- पठाण के. जी. मग्नाळे व्ही. एस./अनु -साळी चेतन शंकर
630 _aसंदर्भ महाराष्ट्र राज्य व जिल्हे एक दृष्टिकोन खंड 4 जि.8.
700 _aशर्मा के. के. संपा- पठाण के. जी. मग्नाळे व्ही. एस./अनु -साळी चेतन शंकर
730 _aसंदर्भ महाराष्ट्र राज्य व जिल्हे एक दृष्टिकोन खंड 4 जि.8.
942 _cBOOK
999 _c1350359
_d1350356